| 000 | 00798nam a22002177a 4500 | ||
|---|---|---|---|
| 999 |
_c19939 _d19939 |
||
| 003 | AR-CdUCM | ||
| 008 | 190304b ||||| |||| 00| 0 spa d | ||
| 020 | _a9681820339 | ||
| 040 |
_aMUNICIPALIDAD PROVINCIAL DEL CUSCO _cBIBLIOTECA MUNICIPAL DEL CUSCO |
||
| 082 |
_a635.21 / _bR17 |
||
| 100 |
_aRamirez Barrera, Mario Francisco _941692 |
||
| 245 | _aManual de técnicas de supervisión en la producción / | ||
| 260 |
_aMéxico : _c1986. _bLimusa, |
||
| 300 |
_a178 páginas ; _bCuadros. _c26 cm. |
||
| 505 | _aContenido: Definición de producción -- Recursos que participan en la producción -- Costo de producción... | ||
| 650 |
_aAdiestramiento de producción _941693 |
||
| 650 |
_aRelaciones humanas _99912 |
||
| 650 |
_aMétodo de trabajo _941694 |
||
| 942 |
_2ddc _cLIBROS |
||
| 945 | _arcc | ||